000 00298nam a22001217a 4500
020 _a0-440-40108-9
082 _a823
_bCLE/J
100 _aCLEARY, BEVERLY
245 _aJANET'S THINGAMAJIGS
260 _aNEW YORK
_bDELL PUBLISHING
_c1988
650 _aCHILDRENS STORY BOOK
_zUNITED STATES
942 _cBK
999 _c4633
_d4633